| 000 | 00358nam a2200145Ia 4500 | ||
|---|---|---|---|
| 008 | 230917s9999||||xx |||||||||||||| ||und|| | ||
| 040 |
_e81050 _aMAIN |
||
| 041 | _aEnglish | ||
| 082 | _a342.54 S14S | ||
| 100 | _aSubba Rao, K | ||
| 245 | 0 | _aSome constitutional probloems | |
| 260 |
_aBombay _bUniversity of Bombay _c1970 |
||
| 300 | _a318 p. | ||
| 942 | _cBK | ||
| 999 |
_c230237 _d230237 |
||